| 000 | 00838nam a2200205 i 4500 | ||
|---|---|---|---|
| 001 | 45605 | ||
| 003 | ES-MaACL | ||
| 005 | 20250720063043.0 | ||
| 007 | t| | ||
| 008 | 030326s1894 sp ||||1| spa d | ||
| 100 | 1 |
_aColmeiro, Miguel, _d1816-1901 _939771 |
|
| 245 | 1 | 4 |
_aLos jardines botánicos en número, organización e importancia en las naciones mas cultas e ilustradas / _cMiguel Colmeiro. |
| 260 |
_aMadrid : _b[s.n.], _c1894 ( _fImp. de la Viuda é Hija de Gómez Fuentenebro) |
||
| 300 |
_a46, 7 p. ; _c23 cm. |
||
| 530 | _aDisponible en formato digital. | ||
| 650 | 4 |
_aJardines botánicos. _9153920 |
|
| 852 |
_aES-MaACL _jT-832-F-1 |
||
| 856 |
_uhttp://bibliotecadigitalhispanica.bne.es:80/webclient/DeliveryManager?pid=1630763&custom_att_2=simple_viewer _zBiblioteca Digital Hispánica |
||
| 999 |
_c45605 _d45605 |
||